ბათუმის შოთა რუსთაველის სახელმწიფო უნივერსიტეტის ბიბლიოთეკა

ზღვა, მზე და სიყვარული (ბიბ.ჩანაწერი № 43449)

000 -LEADER
fixed length control field 00826nam a2200217Ia 4500
001 - CONTROL NUMBER
control field 10179
003 - CONTROL NUMBER IDENTIFIER
control field GE_BSU
008 - FIXED-LENGTH DATA ELEMENTS--GENERAL INFORMATION
fixed length control field 181216s||||||||xx |||||||||||||| ||und||
040 ## - CATALOGING SOURCE
Transcribing agency GE_BSU
100 ## - MAIN ENTRY--PERSONAL NAME
Personal name სამსონია,ალექსანდრე
245 ## - TITLE STATEMENT
Title ზღვა, მზე და სიყვარული
245 ## - TITLE STATEMENT
Remainder of title იუმორისტული მოთხრობები
245 ## - TITLE STATEMENT
Statement of responsibility, etc. რედ:ქ.თავაძე; მხატვ:გ.ფირცხალავა
260 ## - PUBLICATION, DISTRIBUTION, ETC.
Place of publication, distribution, etc. თბილისი
260 ## - PUBLICATION, DISTRIBUTION, ETC.
Name of publisher, distributor, etc. საბჭ.საქართველო
260 ## - PUBLICATION, DISTRIBUTION, ETC.
Date of publication, distribution, etc. 1964
300 ## - PHYSICAL DESCRIPTION
Extent 153გვ;17სმ.
653 ## - INDEX TERM--UNCONTROLLED
Uncontrolled term ზღვა,მზე და სიყვარული
653 ## - INDEX TERM--UNCONTROLLED
Uncontrolled term იუმორისტული მოთხრობები
942 ## - ADDED ENTRY ELEMENTS (KOHA)
Koha item type წიგნი
ეგზემპლარები
Withdrawn status Lost status Damaged status Not for loan Date acquired Barcode Date last seen Price effective from Koha item type
        2018-12-17 33630 2018-12-17 2018-12-17 წიგნი